00937cam a22002531 4500001001300000003000400013005001700017008004100034010001700075035001900092040001800111042001200129050001500141082001300156110004400169245002000213260005500233300001900288500004200307500013100349505015600480650003000636999001700666ca 35000635 DLC20260227111138.0790523s1935 xx 000 0 eng  aca 35000635  a(OCoLC)4996779 aDLCcOCldDLC apremarc00aPS634b.G7 a812.50822 aGrinnell College.bDepartment of drama.10aGrinnell plays. aChicago,bThe Dramatic publishing companyc[c1935] a104 p.c19 cm. aAt head of title: Four one-act plays. a"Selected from twenty or more plays written within the past five years in the playwriting courses of the Department of drama."0 aNo copy, by K. Clayton.--The two gifts, by A. C. Lamp.--As it was in the beginning, by J. J. Irwin.--Aaron Stevens, abolitionist, by Barbara P. Susens. 0aCollege and school drama. c17853d17853